000 00568nam a2200181Ia 4500
008 090124s9999 xx 000 0 und d
082 _b32664
100 _aदाते शरद रामचंद्र
245 _a संस्कृत पाथेय
250 _a1
260 _c2001
300 _a48
600 _aदाते शरद रामचंद्र
630 _a संस्कृत पाथेय
700 _aदाते शरद रामचंद्र
730 _a संस्कृत पाथेय
942 _cBOOK
999 _c179077
_d179077